Phénomènes faisant l'objet de vigilance météo en France - Statistiques

Statistiques générales
  • Ce quiz a été pris 66 fois
  • Le résultat moyen est 6 sur 9
Statistiques - réponses
Phénomènes % Correct
Pluie-inondation
98%
Neige-verglas
92%
Vent violent
90%
Canicule
81%
Orages
73%
Avalanches
63%
Crues
47%
Vagues-submersion
46%
Grand froid
42%
Aucun quiz correspondant
Distribution des résultats
% des personnes avec chaque résultat
Percentile par nombre de réponses
Votre historique - résultats
Vous n’avez pas pris ce quiz